000 00748cam a2200205 i 4500
999 _c58231
_d58231
001 18890745
005 20221108165208.0
008 151210s2017 cau b 001 0 eng
020 _a9781483376257 X
041 _aeng
080 _a811.111+808.2+003.028 G-64
100 1 _aGoodson, Patricia
_d
_912536
245 1 0 _aBecoming an academic writer :
_b50 exercises for paced, productive, and powerful writing /
_cPatricia Goodson, Texas A&M University.
250 _aSecond edition.
264 1 _aLos Angeles :
_bSAGE,
_c2017.
300 _a 266 pages ;
_c23 cm.
653 _aროგორ გავხდეთ აკადემიური მწერალი
653 _aაკადემიური წერა
942 _2udc
_cBK